LEADER 03612nam 2200649 450 001 9910554263703321 005 20220321185712.0 010 $a1-5036-2820-5 024 7 $a10.1515/9781503628205 035 $a(CKB)4100000011971011 035 $a(MiAaPQ)EBC6647564 035 $a(Au-PeEL)EBL6647564 035 $a(OCoLC)1259320725 035 $a(DE-B1597)591081 035 $a(OCoLC)1266229094 035 $a(DE-B1597)9781503628205 035 $a(EXLCZ)994100000011971011 100 $a20220321d2021 uy 0 101 0 $aeng 135 $aurcnu|||||||| 181 $ctxt$2rdacontent 182 $cc$2rdamedia 183 $acr$2rdacarrier 200 10$aInterdependent yet intolerant $enative citizen-foreign migrant violence and global insecurity /$fRobert Mandel 210 1$aStanford, California :$cStanford University Press,$d[2021] 210 4$d©2021 215 $a1 online resource (318 pages) 311 $a1-5036-1479-4 320 $aIncludes bibliographical references and index. 327 $aCover -- Table of Contents -- List of Figures -- Acknowledgments -- Introduction -- 1 Intensifying Global Interdependence -- 2 Deepening Native-Foreigner Intolerance -- 3 Intolerance-Based Violence and Global Insecurity -- 4 Intolerance-Based Violence Cases -- 5 Intolerance-Based Violence Findings -- 6 Managing Intolerance-Based Violence -- Conclusion -- Notes -- Index. 330 $aPeople everywhere are more dependent than ever on foreign migrants, products, and ideas?and more xenophobic. Intolerance and hate-based violence is on the rise in countries from Hungary to South Africa, threatening global security. With Interdependent Yet Intolerant, Robert Mandel explains why we live in an unexpectedly and increasingly hateful world, why existing policies have done little to help, and what needs to be done. Through an in-depth analysis of case studies from twelve diverse countries that have experienced violence between native citizens and foreign migrants, Mandel finds that the interdependence of the current liberal international order does not breed mutual understanding between groups through increased contact, but rather, under specific conditions, stimulates boomerang effects in the exact opposite direction. And the very policy measures intended to decrease violence?from heightened border enforcement intended to minimize instability, to intergovernmental payoffs to other countries to keep foreigners away, as in the EU?only inflame intolerance and promote global insecurity. Providing practical policy recommendations for managing identity-based violence in an age of mass migration and globalization, Interdependent Yet Intolerant calls on societies around the world to rethink their predominant notions of national identity and control. 606 $aEmigration and immigration$xSocial aspects 606 $aViolence 606 $aHate crimes 608 $aElectronic books. 610 $aCosmopolitanism. 610 $aGlobalization. 610 $aInsecurity. 610 $aInterdependence. 610 $aIntolerance. 610 $aNationalism. 610 $aNativism. 610 $aTribalism. 610 $aViolence. 610 $aXenophobia. 615 0$aEmigration and immigration$xSocial aspects. 615 0$aViolence. 615 0$aHate crimes. 676 $a362.8991 700 $aMandel$b Robert$f1949-$01108223 801 0$bMiAaPQ 801 1$bMiAaPQ 801 2$bMiAaPQ 906 $aBOOK 912 $a9910554263703321 996 $aInterdependent yet intolerant$92820058 997 $aUNINA LEADER 04340nam 22007095 450 001 996465551103316 005 20230406063931.0 024 7 $a10.1007/11548133 035 $a(CKB)1000000000213210 035 $a(SSID)ssj0000316127 035 $a(PQKBManifestationID)11247776 035 $a(PQKBTitleCode)TC0000316127 035 $a(PQKBWorkID)10262719 035 $a(PQKB)10492144 035 $a(DE-He213)978-3-540-31876-7 035 $a(MiAaPQ)EBC3067623 035 $a(PPN)123097088 035 $a(EXLCZ)991000000000213210 100 $a20100721d2005 u| 0 101 0 $aeng 135 $aurnn#008mamaa 181 $ctxt 182 $cc 183 $acr 200 10$aAlgebra and Coalgebra in Computer Science$b[electronic resource] $eFirst International Conference, CALCO 2005, Swansea, UK, September 3-6, 2005, Proceedings /$fedited by José Luis Fiadeiro, Neil Harman, Markus Roggenbach, Jan Rutten 205 $a1st ed. 2005. 210 1$aBerlin, Heidelberg :$cSpringer Berlin Heidelberg :$cImprint: Springer,$d2005. 215 $a1 online resource (XII, 460 p.) 225 1 $aTheoretical Computer Science and General Issues,$x2512-2029 ;$v3629 300 $aBibliographic Level Mode of Issuance: Monograph 311 $a3-540-31876-3 311 $a3-540-28620-9 320 $aIncludes bibliographical references and index. 327 $aInvited Talks -- Abstract Scalars, Loops, and Free Traced and Strongly Compact Closed Categories -- Labels from Reductions: Towards a General Theory -- Adequacy for Algebraic Effects with State -- Contributed Papers -- Bisimilarity Is Not Finitely Based over BPA with Interrupt -- Algebra ? Coalgebra = Presheaves -- Strong Splitting Bisimulation Equivalence -- Complete Axioms for Stateless Connectors -- On the Semantics of Coinductive Types in Martin-Löf Type Theory -- Look: Simple Stochastic Relations Are Just, Well, Simple -- Modelling Fusion Calculus using HD-Automata -- An Algebraic Framework for Verifying the Correctness of Hardware with Input and Output: A Formalization in HOL -- Using Proofs by Coinduction to Find ?Traditional? Proofs -- From T-Coalgebras to Filter Structures and Transition Systems -- Context-Free Languages via Coalgebraic Trace Semantics -- Towards a Coalgebraic Semantics of the Ambient Calculus -- The Least Fibred Lifting and the Expressivity of Coalgebraic Modal Logic -- Ultrafilter Extensions for Coalgebras -- Equational Logic of Recursive Program Schemes -- The Category Theoretic Solution of Recursive Program Schemes -- A Categorical Approach to Simulations -- Behavioral Extensions of Institutions -- Discrete Lawvere Theories -- Final Semantics for Event-Pattern Reactive Programs -- Complete Symbolic Reachability Analysis Using Back-and-Forth Narrowing -- Final Sequences and Final Coalgebras for Measurable Spaces -- Bireachability and Final Multialgebras -- Parametrized Exceptions -- Property Preserving Redesign of Specifications. 410 0$aTheoretical Computer Science and General Issues,$x2512-2029 ;$v3629 606 $aComputer science 606 $aMachine theory 606 $aSoftware engineering 606 $aComputer science?Mathematics 606 $aTheory of Computation 606 $aComputer Science Logic and Foundations of Programming 606 $aFormal Languages and Automata Theory 606 $aSoftware Engineering 606 $aSymbolic and Algebraic Manipulation 615 0$aComputer science. 615 0$aMachine theory. 615 0$aSoftware engineering. 615 0$aComputer science?Mathematics. 615 14$aTheory of Computation. 615 24$aComputer Science Logic and Foundations of Programming. 615 24$aFormal Languages and Automata Theory. 615 24$aSoftware Engineering. 615 24$aSymbolic and Algebraic Manipulation. 676 $a004.0151 702 $aFiadeiro$b José Luis$4edt$4http://id.loc.gov/vocabulary/relators/edt 702 $aHarman$b Neil$4edt$4http://id.loc.gov/vocabulary/relators/edt 702 $aRoggenbach$b Markus$4edt$4http://id.loc.gov/vocabulary/relators/edt 702 $aRutten$b Jan$4edt$4http://id.loc.gov/vocabulary/relators/edt 906 $aBOOK 912 $a996465551103316 996 $aAlgebra and Coalgebra in Computer Science$9772274 997 $aUNISA LEADER 01764oam 2200469 a 450 001 9910702349203321 005 20150814101327.0 035 $a(CKB)5470000002426667 035 $a(OCoLC)820452927 035 $a(EXLCZ)995470000002426667 100 $a20121206d2012 ua 0 101 0 $aeng 135 $aurbn||||a|||| 181 $ctxt$2rdacontent 182 $cc$2rdamedia 183 $acr$2rdacarrier 200 10$aH.R. 515, the Radioactive Import Deterrence Act$b[electronic resource] $ehearing before the Subcommittee on Energy and Environment of the Committee on Energy and Commerce, House of Representatives, One Hundred Eleventh Congress, first session, October 16, 2009 210 1$aWashington :$cU.S. G.P.O.,$d2012. 215 $a1 online resource (v, 157 pages) $cillustrations 300 $aTitle from title screen (viewed on Dec. 6, 2012). 300 $aPaper version available for sale by the Supt. of Docs., U.S. G.P.O. 300 $a"Serial no. 111-73." 320 $aIncludes bibliographical references. 517 $aH.R. 515, the Radioactive Import Deterrence Act 606 $aRadioactive wastes$xLaw and legislation$zUnited States 606 $aImport quotas$zUnited States 606 $aImport quotas$2fast 606 $aRadioactive wastes$xLaw and legislation$2fast 607 $aUnited States$2fast 615 0$aRadioactive wastes$xLaw and legislation 615 0$aImport quotas 615 7$aImport quotas. 615 7$aRadioactive wastes$xLaw and legislation. 801 0$bGPO 801 1$bGPO 801 2$bOCLCF 801 2$bOCLCO 801 2$bGPO 906 $aBOOK 912 $a9910702349203321 996 $aH.R. 515, the Radioactive Import Deterrence Act$93485720 997 $aUNINA LEADER 01808nam a2200373 a 4500 001 991001422369707536 005 20241220131641.0 008 060110s2003 it 001|0 ita 022 $a20377398 035 $ab13370121-39ule_inst 040 $aDip.to di Studi Storici-Parlangeli /$bita 082 04$a526.05 229 3$aLa cartografia 245 03$aLa cartografia :$bperiodico di informazione cartografica. - 2003- 260 $aFirenze :$bA. Bonomo,$c[2003]-2011 300 $av. :$bill. ;$c30 cm. 310 $aTrimestrale 500 $aPubbl. sospesa. L'ultimo num. è il 28 del 2011 592 $aLE023 2003-2011; lac.: 2003-2004; 2006-2007; 650 04$aCartografia$vPeriodici 907 $a.b13370121$b28-07-20$c17-01-06 912 $a991001422369707536 945 $aLE023 Per. 900 CAR$g1$lle023$o-$pE0.00$q-$rn$so$t18$u0$v0$w0$x0$y.i14808535$z23-07-08 945 $aLE009$g1$lle009$on$pE10.00$q-$rl$s-$t18$u0$v0$w0$x0$y.i14178230$z17-01-06 945 $aLE009$g1$lle009$on$pE10.00$q-$rl$s-$t18$u0$v0$w0$x0$y.i14178096$z17-01-06 945 $aLE009$g1$lle009$on$pE0.00$q-$rl$s-$t18$u0$v0$w0$x0$y.i14524004$z24-07-07 945 $aLE009$g1$lle009$on$pE0.00$q-$rl$s-$t18$u0$v0$w0$x0$y.i14524016$z24-07-07 945 $aLE009$ca. 2008$g1$lle009$nLE009 Per. G. 277$on$pE16.52$q-$rn$so$t18$u0$v0$w0$x0$y.i14886741$z21-11-08 945 $aLE009$cn. 20-23 (2009)$g1$lle009$nLE009 Per. G. 277$on$pE16.52$q-$rn$so$t18$u0$v0$w0$x0$y.i14969798$z22-05-09 945 $aLE023$ca. 8, n. 24- 26 (2010)$g1$lle023$on$pE16.52$q-$rn$so$t0$u0$v0$w0$x0$y.i15138690$z01-06-10 945 $aLE023$ca. 9., n. 27-28 (2011)$g1$lle023$on$pE16.52$q-$rn$so$t18$u0$v0$w0$x0$y.i15311284$z31-08-11 996 $aCartografia$9710060 997 $aUNISALENTO 998 $ale023$b17-12-10$cs$da$e-$fita$git$h0$i0